000 00377pab a2200157 454500
008 180718b2004 xxu||||| |||| 00| 0 eng d
100 _aArora, Ved Prakash
245 _aOil prices and Indian economy
260 _c2004
300 _ap.17-20.
362 _aDec
650 _aPetroleum industry - India
650 _aPetroleum industry
773 _aYojana
909 _a63354
999 _c63354
_d63354